000 00235nam a22000857a 4500
999 _c10972
_d10972
008 180706b ||||| |||| 00| 0 eng d
100 _aMukherjee Poulmi
_96773
245 _aAlibaba and the Forty Thieves
260 _aNew Delhi
_bCampfire
_c2016